1M+ First-Level Subdivisions of Africa on a Map - Statistics

General Stats
  • This quiz has been taken 210 times
    87 since last reset
  • The average score is 123 of 339
Answers on the Map
Answers color-coded by a green-red scale on the quiz's map according to % correct below.
 
Answer Stats
Country Type Subdivision % Correct
Rwanda 2022 C Province Southern
95%
Egypt 2023 E Governorate Alexandria
93%
Ghana 2021 C Region Eastern
93%
Rwanda 2022 C Province Eastern
93%
Sierra Leone 2021 C Province Eastern
93%
Zambia 2022 C Province Eastern
93%
Burkina Faso 2024 P Region Est
93%
South Africa 2022 C Province Mpumalanga
93%
Burkina Faso 2024 P Region Nord
93%
Cameroon 2015 P Region North
93%
Ghana 2021 C Region Northern
93%
Malawi 2023 P Region Northern
93%
Rwanda 2022 C Province Northern
93%
Sierra Leone 2021 C Province Northern
93%
Zambia 2022 C Province Northern
93%
Morocco 2023 P Region Oriental
93%
Malawi 2023 P Region Southern
93%
Sierra Leone 2021 C Province Southern
93%
Zambia 2022 C Province Southern
93%
Ethiopia 2022 P Region Southern Nations,Nationalities, and Peoples' Region
93%
Cameroon 2015 P Region West
93%
Ghana 2021 C Region Western
93%
Rwanda 2022 C Province Western
93%
Sierra Leone 2021 C Area Western
93%
Zambia 2022 C Province Western
93%
Egypt 2023 E Governorate Cairo
92%
Nigeria 2022 P Territory Federal Capital Territory
92%
Ethiopia 2022 P Region Somali
92%
Tanzania 2022 C Region Dar es Salaam
90%
Democratic Republic of the Congo 2020 P Province Kinshasa
90%
Senegal 2023 C Regions Dakar
89%
Nigeria 2022 P State Lagos
89%
Morocco 2023 P Region Rabat-Salé-Kénitra
89%
Mali 2022 C District Bamako
87%
Morocco 2023 P Region Casablanca-Settat
87%
Sudan 2018 P State Khartoum
87%
Angola 2022 P Province Luanda
87%
Algeria 2008 C Province Algiers
85%
Kenya 2023 P County Nairobi
85%
Morocco 2023 P Region Tanger-Tetouan-Al Hoceima
85%
Ghana 2021 C Region Central
84%
Malawi 2023 P Region Central
84%
Zambia 2022 C Province Central
84%
Burkina Faso 2024 P Region Centre
84%
Cameroon 2015 P Region Centre
84%
Mozambique 2023 P City Maputo
84%
Mozambique 2023 P Province Maputo
84%
Ethiopia 2022 P City Addis Ababa
82%
Republic of the Congo 2023 C Department Brazzaville
82%
Spain 2023 Eva Community Canary Islands
82%
Cameroon 2015 P Region Northwest
82%
Sierra Leone 2021 C Province North West
82%
South Africa 2022 C Province North West
82%
Zambia 2022 C Province North-Western
82%
Somalia 2019 Cal State Somaliland
82%
Ivory Coast 2021 C District Abidjan
80%
Egypt 2023 E Governorate Giza
80%
Uganda 2020 P City Kampala
80%
Egypt 2023 E Governorate Luxor
80%
Morocco 2023 P Region Fès-Meknès
79%
Zimbabwe 2022 C Province Harare
79%
Somalia 2019 Cal State Jubaland
79%
Tunisia 2023 E Governorate Tunis
79%
Algeria 2008 C Province Oran
77%
Cameroon 2015 P Region Southwest
77%
Somalia 2019 Cal State South West
77%
Ethiopia 2022 P Region South West EthiopiaPeoples' Region
77%
Guinea 2014 C Region Conakry
75%
Ghana 2021 C Region Greater Accra
75%
Morocco 2023 P Region Marrakesh-Safi
75%
Niger 2020 P Region Niamey
75%
South Africa 2022 C Province Northern Cape
75%
South Africa 2022 C Province Western Cape
75%
South Africa 2022 C Province Eastern Cape
74%
Nigeria 2022 P State Kano
74%
Somalia 2019 Cal Region Banaadir
72%
Central African Republic 2021 E Prefecture Bangui
72%
Kenya 2023 P County Mombasa
72%
Rwanda 2022 C Province Kigali
70%
Egypt 2023 E Governorate Aswan
69%
South Africa 2022 C Province Free State
69%
South Africa 2022 C Province KwaZulu-Natal
69%
Chad 2019 P Province N'Djamena
69%
Tanzania 2022 C Region Dodoma
67%
Zambia 2022 C Province Lusaka
66%
Mauritius 2022 C Island Mauritius
62%
Sudan 2018 P State River Nile
61%
Sudan 2018 P State North Darfur
59%
Somalia 2019 Cal State Puntland
59%
South Africa 2022 C Province Limpopo
57%
Republic of the Congo 2023 C Department Pointe-Noire
57%
Tunisia 2023 E Governorate Sfax
57%
Sudan 2018 P State South Darfur
57%
Libya 2020 E District Tripoli
57%
Ethiopia 2022 P Region Amhara
56%
South Africa 2022 C Province Gauteng
56%
Sudan 2018 P State Red Sea
56%
Ethiopia 2022 P Region Tigray
54%
Ethiopia 2022 P Region Afar
52%
Sudan 2018 P State Blue Nile
51%
Ethiopia 2022 P Region Oromia
51%
Sudan 2018 P State East Darfur
48%
Nigeria 2022 P State Niger
48%
Sudan 2018 P State West Darfur
48%
Sudan 2018 P State White Nile
48%
Democratic Republic of the Congo 2020 P Province Tanganyika
46%
Tanzania 2022 C Region Tanga
44%
Nigeria 2022 P State Delta
43%
Angola 2022 P Province Benguela
41%
Nigeria 2022 P State Kaduna
41%
Tanzania 2022 C Region Mwanza
41%
Nigeria 2022 P State Sokoto
41%
Ghana 2021 C Region Volta
41%
Tanzania 2022 C Region Arusha
39%
Senegal 2023 C Regions Saint-Louis
36%
Morocco 2023 P Region Souss-Massa
36%
Niger 2020 P Region Zinder
36%
Egypt 2023 E Governorate Asyut
34%
Tanzania 2022 C Region Kilimanjaro
34%
Nigeria 2022 P State Oyo
34%
Nigeria 2022 P State Rivers
34%
Egypt 2023 E Governorate Faiyum
33%
Tanzania 2022 C Region Mara
33%
Senegal 2023 C Regions Thiès
33%
Egypt 2023 E Governorate Damietta
31%
Nigeria 2022 P State Enugu
31%
Cameroon 2015 P Region Far North
31%
Angola 2022 P Province Huambo
31%
Democratic Republic of the Congo 2020 P Province Kongo Central
31%
Democratic Republic of the Congo 2020 P Province North Kivu
31%
Democratic Republic of the Congo 2020 P Province South Kivu
31%
Mozambique 2023 P Province Nampula
30%
Cameroon 2015 P Region Adamawa
28%
Mozambique 2023 P Province Gaza
28%
Madagascar 2020 P Region Sava
28%
Ghana 2021 C Region Ashanti
26%
Burkina Faso 2024 P Region Centre-Est
26%
Burkina Faso 2024 P Region Centre-Ouest
26%
Egypt 2023 E Governorate Ismailia
26%
Cameroon 2015 P Region Littoral
26%
Mozambique 2023 P Province Tete
26%
Kenya 2023 P County Turkana
26%
Nigeria 2022 P State Adamawa
25%
Nigeria 2022 P State Borno
25%
Burkina Faso 2024 P Region Centre-Nord
25%
Zambia 2022 C Province Copperbelt
25%
Nigeria 2022 P State Cross River
25%
Nigeria 2022 P State Edo
25%
Kenya 2023 P County Kisumu
25%
South Sudan 2017 P State Lakes
25%
Kenya 2023 P County Nakuru
25%
Sudan 2018 P State North Kordofan
25%
Egypt 2023 E Governorate Qena
25%
Burkina Faso 2024 P Region Sahel
25%
Mali 2022 C Region Sikasso
25%
Egypt 2023 E Governorate Sohag
25%
Sudan 2018 P State South Kordofan
25%
Sudan 2018 P State West Kordofan
25%
Egypt 2023 E Governorate Beni Suef
23%
Mozambique 2023 P Province Cabo Delgado
23%
Nigeria 2022 P State Katsina
23%
Mali 2022 C Region Kayes
23%
Egypt 2023 E Governorate Minya
23%
Mali 2022 C Region Mopti
23%
Nigeria 2022 P State Ondo
23%
Nigeria 2022 P State Plateau
23%
Burkina Faso 2024 P Region Plateau-Central
23%
Togo 2022 C Region Plateaux
23%
Ethiopia 2022 P Region Benishangul-Gumuz
21%
Nigeria 2022 P State Benue
21%
South Sudan 2017 P State Eastern Equatoria
21%
Nigeria 2022 P State Gombe
21%
Democratic Republic of the Congo 2020 P Province Kasaï
21%
Nigeria 2022 P State Ogun
21%
Nigeria 2022 P State Osun
21%
Tanzania 2022 C Region Pwani
21%
South Sudan 2017 P State Western Equatoria
21%
Mozambique 2023 P Province Zambézia
21%
Nigeria 2022 P State Anambra
20%
Nigeria 2022 P State Bauchi
20%
Nigeria 2022 P State Bayelsa
20%
Egypt 2023 E Governorate Beheira
20%
Angola 2022 P Province Bié
20%
South Sudan 2017 P State Central Equatoria
20%
Morocco 2023 P Region Drâa-Tafilalet
20%
Gabon 2020 P Province Estuaire
20%
Guinea 2014 C Region Kankan
20%
Nigeria 2022 P State Kebbi
20%
Egypt 2023 E Governorate Monufia
20%
Mozambique 2023 P Province Niassa
20%
Egypt 2023 E Governorate Qalyubiyya
20%
Egypt 2023 E Governorate Sharqia
20%
Ethiopia 2022 P Region Sidama
20%
Angola 2022 P Province Uíge
20%
Nigeria 2022 P State Abia
18%
Nigeria 2022 P State Akwa Ibom
18%
Egypt 2023 E Governorate Dakahlia
18%
Nigeria 2022 P State Ekiti
18%
Democratic Republic of the Congo 2020 P Province Équateur
18%
Egypt 2023 E Governorate Gharbia
18%
Nigeria 2022 P State Jigawa
18%
Egypt 2023 E Governorate Kafr El Sheikh
18%
Democratic Republic of the Congo 2020 P Province Kasaï-Central
18%
Sudan 2018 P State Kassala
18%
Nigeria 2022 P State Kwara
18%
Guinea 2014 C Region Nzérékoré
18%
Mali 2022 C Region Ségou
18%
Mozambique 2023 P Province Sofala
18%
Niger 2020 P Region Tahoua
18%
Nigeria 2022 P State Taraba
18%
South Sudan 2017 P State Unity
18%
Ghana 2021 C Region Upper East
18%
Nigeria 2022 P State Zamfara
18%
Morocco 2023 P Region Béni Mellal-Khénifra
16%
Democratic Republic of the Congo 2020 P Province Haut-Katanga
16%
Angola 2022 P Province Huíla
16%
Democratic Republic of the Congo 2020 P Province Ituri
16%
Democratic Republic of the Congo 2020 P Province Kasaï-Oriental
16%
Tanzania 2022 C Region Kigoma
16%
Nigeria 2022 P State Kogi
16%
Mali 2022 C Region Koulikoro
16%
Mozambique 2023 P Province Manica
16%
Zimbabwe 2022 C Province Masvingo
16%
Tanzania 2022 C Region Mbeya
16%
Tanzania 2022 C Region Morogoro
16%
Togo 2022 C Region Savanes
16%
Niger 2020 P Region Tillabéri
16%
South Sudan 2017 P State Upper Nile
16%
Nigeria 2022 P State Yobe
16%
Sudan 2018 P State Al Qadarif
15%
Guinea 2014 C Region Boké
15%
Angola 2022 P Province Cunene
15%
Algeria 2008 C Province Djelfa
15%
Niger 2020 P Region Dosso
15%
Nigeria 2022 P State Ebonyi
15%
Sudan 2018 P State Gezira
15%
Democratic Republic of the Congo 2020 P Province Haut-Uélé
15%
Mozambique 2023 P Province Inhambane
15%
Senegal 2023 C Regions Kaolack
15%
Democratic Republic of the Congo 2020 P Province Lualaba
15%
Zambia 2022 C Province Luapula
15%
Angola 2022 P Province Lunda Norte
15%
Zimbabwe 2022 C Province Manicaland
15%
Niger 2020 P Region Maradi
15%
Togo 2022 C Region Maritime
15%
Tanzania 2022 C Region Mtwara
15%
Nigeria 2022 P State Nasarawa
15%
Democratic Republic of the Congo 2020 P Province Bas-Uélé
13%
Algeria 2008 C Province Batna
13%
Algeria 2008 C Province Blida
13%
Angola 2022 P Province Cuanza Sul
13%
Burkina Faso 2024 P Region Hauts-Bassins
13%
Somalia 2019 Cal State Hirshabelle
13%
Nigeria 2022 P State Imo
13%
Democratic Republic of the Congo 2020 P Province Maniema
13%
Zimbabwe 2022 C Province Mashonaland Central
13%
Zimbabwe 2022 C Province Mashonaland East
13%
Zimbabwe 2022 C Province Mashonaland West
13%
Zimbabwe 2022 C Province Midlands
13%
South Sudan 2017 P State Northern Bahr el Ghazal
13%
Sudan 2018 P State Sennar
13%
Madagascar 2020 P Region Sofia
13%
Tanzania 2022 C Region Tabora
13%
Democratic Republic of the Congo 2020 P Province Tshopo
13%
Ghana 2021 C Region Bono
11%
Ghana 2021 C Region Bono East
11%
Algeria 2008 C Province Chlef
11%
Senegal 2023 C Regions Diourbel
11%
South Sudan 2017 P State Jonglei
11%
Guinea 2014 C Region Kindia
11%
Democratic Republic of the Congo 2020 P Province Kwilu
11%
Democratic Republic of the Congo 2020 P Province Lomami
11%
Angola 2022 P Province Malanje
11%
Liberia 2022 C County Montserrado
11%
Democratic Republic of the Congo 2020 P Province Nord-Ubangi
11%
Tanzania 2022 C Region Rukwa
11%
Democratic Republic of the Congo 2020 P Province Sud-Ubangi
11%
Democratic Republic of the Congo 2020 P Province Tshuapa
11%
South Sudan 2017 P State Warrap
11%
Benin 2013 C Department Atlantique
10%
Benin 2013 C Department Borgou
10%
Burkina Faso 2024 P Region Boucle du Mouhoun
10%
Somalia 2019 Cal State Galmudug
10%
Democratic Republic of the Congo 2020 P Province Haut-Lomami
10%
Tanzania 2022 C Region Iringa
10%
Tanzania 2022 C Region Kagera
10%
Democratic Republic of the Congo 2020 P Province Kwango
10%
Senegal 2023 C Regions Louga
10%
Democratic Republic of the Congo 2020 P Province Mai-Ndombe
10%
Democratic Republic of the Congo 2020 P Province Mongala
10%
Tanzania 2022 C Region Ruvuma
10%
Ivory Coast 2021 C Region San-Pédro
10%
Tanzania 2022 C Region Lindi
8%
Chad 2019 P Province Logone Oriental
8%
Kenya 2023 P County Machakos
8%
Chad 2019 P Province Ouaddaï
8%
Benin 2013 C Department Ouémé
8%
Democratic Republic of the Congo 2020 P Province Sankuru
8%
Algeria 2008 C Province Sétif
8%
Tanzania 2022 C Region Shinyanga
8%
Tanzania 2022 C Region Simiyu
8%
Algeria 2008 C Province Tizi Ouzou
8%
Tanzania 2022 C Region Geita
7%
Kenya 2023 P County Homa Bay
7%
Kenya 2023 P County Kakamega
7%
Tanzania 2022 C Region Katavi
7%
Kenya 2023 P County Kiambu
7%
Kenya 2023 P County Kisii
7%
Kenya 2023 P County Kitui
7%
Tanzania 2022 C Region Manyara
7%
Kenya 2023 P County Meru
7%
Kenya 2023 P County Narok
7%
Tanzania 2022 C Region Singida
7%
Tanzania 2022 C Region Songwe
7%
Uganda 2020 P District Wakiso
7%
Madagascar 2020 P Region Analamanga
5%
Kenya 2023 P County Bungoma
5%
Kenya 2023 P County Kajiado
5%
Kenya 2023 P County Kilifi
5%
Kenya 2023 P County Makueni
5%
Kenya 2023 P County Migori
5%
Kenya 2023 P County Murang'a
5%
Kenya 2023 P County Siaya
5%
Kenya 2023 P County Trans-Nzoia
5%
Kenya 2023 P County Uasin Gishu
5%
Madagascar 2020 P Region Alaotra-Mangoro
3%
Madagascar 2020 P Region Atsimo-Andrefana
3%
Ivory Coast 2021 C Region Haut-Sassandra
3%
Chad 2019 P Province Mayo-Kebbi Est
3%
Ivory Coast 2021 C Region Poro
3%
Madagascar 2020 P Region Vakinankaratra
3%
Madagascar 2020 P Region Analanjirofo
2%
Madagascar 2020 P Region Atsimo-Atsinanana
2%
Madagascar 2020 P Region Atsinanana
2%
Ivory Coast 2021 C Region Gbêkê
2%
Madagascar 2020 P Region Haute Matsiatra
2%
Ivory Coast 2021 C Region Lôh-Djiboua
2%
Ivory Coast 2021 C Region Nawa
2%
Ivory Coast 2021 C Region Tonkpi
2%
No matching quizzes found
Score Distribution
Percent of People with Each Score
Percentile by Number Answered
Your Score History
You have not taken this quiz since the last reset